| 000 | 01050nam0a2200277 4500 | ||
|---|---|---|---|
| 001 | RU\NLR\ONL1\1831 | ||
| 005 | 20260406072256.0 | ||
| 035 | _a(NLR Aleph) 009630589 | ||
| 090 |
_a9490861 _c9490861 |
||
| 100 | _a20030903d1996 |||y0rusy50 ca | ||
| 101 | 0 | _achm | |
| 102 | _aRU | ||
| 105 | _aa ||||||||| | ||
| 200 | 1 |
_aЮлмар ден Юмын удыр _eПьесе-влак _fАсаев А. |
|
| 210 |
_aЙошкар-Ола _cМарий кн. савыктыш _d1996 |
||
| 215 |
_a211,[2] c. _cпортр. _d21 |
||
| 300 | _aПеред вып. дан. авт.: Ахмет Асаев (Асылбаев Ахмет Асылбаевич) | ||
| 541 | 1 |
_a[Юлмар с дочерью Бога] _zrus |
|
| 686 | 1 | _aШ6(2=Мар)7-6 | |
| 700 | 1 |
_4070 _8rus _7ca _aАсылбаев _bА. А. _f1912- _gАхмет Асылбаевич _cмар. писатель _3RU\NLR\auth-onl\7767 _9130127 |
|
| 801 | 0 |
_aRU _bNLR _c20030903 _gPSBO |
|
| 852 |
_aNLR _bОНЛ _jМар.л./3-2427 |
||
| 942 | _cBOOK | ||
| 980 | _aNB | ||